Électronique /

שמור ב:
מידע ביבליוגרפי
מחבר ראשי: Grossetête, Christian
פורמט: Sách giấy
יצא לאור: Paris : Ellipses, 1987
תגים: הוספת תג
אין תגיות, היה/י הראשונ/ה לתייג את הרשומה!
Thư viện lưu trữ: Thư viện Trường Đại học Đà Lạt
LEADER 00523nam a2200229 4500
001 DLU020000417
005 ##12/18/1998
041 # # |f re 
082 # # |a 621.381 5  |b GR-C 
100 # # |a Grossetête, Christian 
245 # # |a Électronique /  |c Christian Grossetête  
260 # # |a Paris :  |b Ellipses,  |c 1987 
300 # # |a 288 tr.;  |c 26 cm. 
992 # # |a 244000 
994 # # |a DLU 
900 # # |a False 
911 # # |a Administrator 
925 # # |a G 
926 # # |a A 
927 # # |a SH 
980 # # |a Thư viện Trường Đại học Đà Lạt